00957cam a22002652 450000100060000000300080000600500170001400800410003103500510007204000320012304100080015508200260016310000440018924500910023325000120032426000370033630000360037350400230040965000190043265000300045165000380048194200120051999900170053195201430054813676BD-RjUL20211208235508.0140201s1955 enka 001 0 eng d a(BD-RjUL)13728aOCLC ocm01944095 from D971016M aDLCcGATdEQOdBD-RjULbeng aeng04221a551.489bRIF 19551 aRichards, Bertram Darell,d1882-94281010aFlood estimation and control /cby B. D. Richards. With a foreword by W. J. E. Binnie. a3rd ed. aLondon :bChapman & Hall,c1955. axiii, 187 p. :bdiagrs.c23 cm. aIncludes indexes.  0aFloods.932725 0aRain and rainfall.942811 0aFlood dams and reservoirs.942812 2ddccBK c13676d13676 00102ddc40718NFICaRUCLbRUCLcReadingd1956-09-12ePak Americang28.70l0o551.489 RIF 1955r2014-02-01 00:00:00tC-1w2014-02-01yBK